[Event "TCh-FRA Top 12 2015"]
[Site "Montpellier FRA"]
[Date "2015.06.02"]
[Round "4.3"]
[Board "2"]
[White "Wojtaszek, Radoslaw"]
[Black "Doettling, Fabian"]
[Result "1-0"]
[WhiteTitle "GM"]
[BlackTitle "GM"]
[WhiteElo "2746"]
[BlackElo "2588"]
[WhiteTeam "MULHOUSE PHILIDOR"]
[BlackTeam "C.E. STRASBOURG"]
[WhiteFideId "1118358"]
[BlackFideId "4627253"]
[EventDate "2015.05.30"]

1. d4 d5 2. c4 e6 3. Nc3 Be7 4. cxd5 exd5 5. Bf4 c6 6. e3 Bf5 7. g4 Be6 8. h4
Bxh4 9. Qb3 g5 10. Be5 f6 11. Bh2 Bxg4 12. Be2 Bxe2 13. Qxb7 Nd7 14. Kxe2 Qc8
15. Qxc8+ Rxc8 16. Nf3 Ne7 17. Nxh4 gxh4 18. Rac1 Nb6 19. Nb1 a5 20. Nd2 a4 21.
Nf3 Ng6 22. Ne1 Nc4 23. Nd3 Kf7 24. b3 axb3 25. axb3 Na3 26. Rc5 Nb5 27. Rhc1
Ne7 28. Nb4 Na7 29. Ra1 Nb5 30. Ra6 Ra8 31. Rb6 Rhc8 32. Nxc6 Rxc6 33. Rbxb5
Ra2+ 34. Kf3 Rca6 35. Rb7 Ra7 36. Rxa7 Rxa7 37. b4 Ra2 38. Bc7 Ke6 39. Bd8 Nf5
40. Ra5 Rb2 41. Ra6+ Kd7 42. Bxf6 h3 43. Be5 Nh4+ 44. Kg4 Ng2 45. Bg3 1-0

[Event "TCh-FRA Top 12 2015"]
[Site "Montpellier FRA"]
[Date "2015.06.02"]
[Round "4.3"]
[Board "3"]
[White "Nataf, Igor-Alexandre"]
[Black "Degraeve, Jean-Marc"]
[Result "1/2-1/2"]
[WhiteTitle "GM"]
[BlackTitle "GM"]
[WhiteElo "2534"]
[BlackElo "2555"]
[WhiteTeam "C.E. STRASBOURG"]
[BlackTeam "MULHOUSE PHILIDOR"]
[WhiteFideId "605492"]
[BlackFideId "600270"]
[EventDate "2015.05.30"]

1. e4 e5 2. Nf3 Nc6 3. Bc4 Bc5 4. c3 Nf6 5. d4 exd4 6. cxd4 Bb4+ 7. Nbd2 Nxe4 8.
d5 Ne7 9. O-O Bxd2 10. Nxd2 Nf6 11. Nf3 h6 12. b4 O-O 13. Bb2 Nf5 14. Qc2 Nd6
15. Bb3 b6 16. Rfe1 Bb7 17. Qd3 Re8 18. Rxe8+ Ndxe8 19. Re1 a5 20. a3 axb4 21.
axb4 Nd6 22. h3 Ba6 23. Qd4 Bb5 24. Ne5 Qf8 25. Ng4 Nxg4 26. Qxg4 Re8 27. Rxe8
Nxe8 28. Bc2 Nd6 29. Be5 f6 30. Bf4 f5 31. Qf3 Bc4 32. Qc3 b5 33. Qd4 Qf7 34.
Qc5 Ne4 35. Bxe4 fxe4 36. Qxc7 Qxd5 37. Be5 e3 38. fxe3 Kh7 39. Bd4 Qe6 1/2-1/2

[Event "TCh-FRA Top 12 2015"]
[Site "Montpellier FRA"]
[Date "2015.06.02"]
[Round "4.3"]
[Board "4"]
[White "Gajewski, Grzegorz"]
[Black "Sebag, Marie"]
[Result "1/2-1/2"]
[WhiteTitle "GM"]
[BlackTitle "GM"]
[WhiteElo "2648"]
[BlackElo "2483"]
[WhiteTeam "MULHOUSE PHILIDOR"]
[BlackTeam "C.E. STRASBOURG"]
[WhiteFideId "1116207"]
[BlackFideId "617822"]
[EventDate "2015.05.30"]

1. c4 c6 2. Nf3 d5 3. e3 Nf6 4. Nc3 e6 5. b3 Nbd7 6. Qc2 Bd6 7. Bb2 O-O 8. Be2
a6 9. d4 Re8 10. O-O e5 11. cxd5 cxd5 12. dxe5 Nxe5 13. Rac1 Be6 14. Rfd1 Qe7
15. Nd4 Rad8 16. Nf5 Bxf5 17. Qxf5 Ba3 18. Bxa3 Qxa3 19. Rc2 Rd6 20. h3 g6 21.
Qf4 Rc6 22. Rcd2 Kg7 23. Qd4 Rd6 24. Qa7 Qa5 25. Qd4 Nc6 26. Qf4 Red8 27. b4 Qa3
28. Nb1 Qxb4 29. Qxb4 Nxb4 30. Rb2 Nc6 31. Rxb7 d4 32. Bxa6 Na5 33. Ra7 Nc6 34.
Rc7 Ne8 35. Rc8 Rxc8 36. Bxc8 dxe3 37. Bg4 f5 38. Rxd6 Nxd6 39. Bf3 exf2+ 40.
Kxf2 Nd4 41. a4 Nc4 42. Bd5 Nb6 43. Nc3 Nxd5 44. Nxd5 Nb3 45. Ke3 Kf7 46. Nb6
Ke6 47. Nc4 Kd5 48. a5 Nc5 49. Nb2 g5 50. Nd3 Na6 51. Ne1 h6 52. Nc2 Nc7 53. Kf3
Ke5 54. Ne3 h5 55. Nc4+ Kd5 56. Nb6+ Ke5 57. Nd7+ Ke6 58. Nc5+ Ke5 59. Nd3+ Kd4
60. Nf4 h4 61. Ng6 Kd5 62. Nf8 Kc5 63. Nh7 Ne6 64. Nxg5 Nxg5+ 65. Kf4 Nf7 66.
Kxf5 Kb5 67. Kf6 Nd6 68. Kg5 Kxa5 69. Kxh4 Kb5 70. Kg5 Kc6 71. g4 Ne4+ 72. Kf5
Nf2 73. g5 Kd6 74. h4 Ke7 75. h5 Kf7 76. h6 Kg8 77. g6 Kh8 78. Kf4 Kg8 79. Kg5
Kh8 80. Kf5 Kg8 81. Kf4 Nd3+ 82. Ke4 Nf2+ 83. Kf5 Kh8 84. Kg5 Kg8 85. g7 Kf7 86.
h7 Kxg7 87. h8=Q+ Kxh8 1/2-1/2

[Event "TCh-FRA Top 12 2015"]
[Site "Montpellier FRA"]
[Date "2015.06.02"]
[Round "4.3"]
[Board "5"]
[White "Rozentalis, Eduardas"]
[Black "Sokolov, Andrei1"]
[Result "1/2-1/2"]
[WhiteTitle "GM"]
[BlackTitle "GM"]
[WhiteElo "2529"]
[BlackElo "2520"]
[WhiteTeam "C.E. STRASBOURG"]
[BlackTeam "MULHOUSE PHILIDOR"]
[WhiteFideId "12800023"]
[BlackFideId "627089"]
[EventDate "2015.05.30"]

1. e4 c5 2. Nf3 e6 3. g3 Nc6 4. Bg2 Nge7 5. O-O d5 6. exd5 Nxd5 7. d4 Nf6 8. Be3
Ng4 9. c3 Be7 10. Nbd2 O-O 11. Nc4 Nxe3 12. fxe3 Bd7 13. Nfe5 cxd4 14. Nxd7 Qxd7
15. exd4 Rac8 16. Qe2 b5 17. Bxc6 Qxc6 18. Ne5 1/2-1/2

[Event "TCh-FRA Top 12 2015"]
[Site "Montpellier FRA"]
[Date "2015.06.02"]
[Round "4.3"]
[Board "6"]
[White "Ider, Borya"]
[Black "Vaisser, Anatoly"]
[Result "1/2-1/2"]
[WhiteTitle "IM"]
[BlackTitle "GM"]
[WhiteElo "2401"]
[BlackElo "2530"]
[WhiteTeam "MULHOUSE PHILIDOR"]
[BlackTeam "C.E. STRASBOURG"]
[WhiteFideId "4901134"]
[BlackFideId "603252"]
[EventDate "2015.05.30"]

1. d4 Nf6 2. Nf3 c5 3. d5 b5 4. Bg5 d6 5. Bxf6 exf6 6. e4 a6 7. a4 b4 8. Bd3 Nd7
9. Nbd2 Ne5 10. Nxe5 fxe5 11. c3 Qg5 12. Qf3 Rb8 13. Nc4 Be7 14. Qg3 Qh6 15. O-O
O-O 16. Na5 Bg5 17. h3 bxc3 18. bxc3 f5 19. Rab1 Rxb1 20. Bxb1 fxe4 21. Bxe4 Bd7
22. Nc6 c4 23. f4 Bxf4 24. Qe1 Qg5 25. Rf3 g6 26. Qe2 Bg3 27. Rxf8+ Kxf8 28. Na5
Kg7 29. Bc2 Qc1+ 30. Qd1 Qe3+ 31. Kh1 Qxc3 32. Nb7 e4 33. Bxe4 Be5 34. Bf3 Bxa4
35. Qf1 Qd3 36. Qe1 Bd7 37. Nc5 Qf5 38. Bg4 Qf4 39. g3 Qxg3 40. Qxg3 Bxg3 41.
Nxd7 c3 42. Bd1 Bf2 43. Nb8 Kf6 44. Nxa6 Ke5 45. Bb3 c2 1/2-1/2

[Event "TCh-FRA Top 12 2015"]
[Site "Montpellier FRA"]
[Date "2015.06.02"]
[Round "4.3"]
[Board "7"]
[White "Vitoux, Colomban"]
[Black "Riff, Jean-Noel"]
[Result "1/2-1/2"]
[WhiteTitle "IM"]
[BlackTitle "GM"]
[WhiteElo "2391"]
[BlackElo "2488"]
[WhiteTeam "C.E. STRASBOURG"]
[BlackTeam "MULHOUSE PHILIDOR"]
[WhiteFideId "628549"]
[BlackFideId "611190"]
[EventDate "2015.05.30"]

1. e4 c5 2. Nf3 d6 3. d4 cxd4 4. Nxd4 Nf6 5. f3 e5 6. Nb3 Be6 7. c4 a5 8. Be3 a4
9. Nc1 Be7 10. Bd3 Qa5+ 11. Qd2 Bd8 12. Na3 Nbd7 13. Nb5 Ke7 14. Ne2 Qxd2+ 15.
Kxd2 Ba5+ 16. Nec3 Rhc8 17. b3 Nc5 18. Bxc5 Rxc5 19. Kc2 Bxc3 1/2-1/2

[Event "TCh-FRA Top 12 2015"]
[Site "Montpellier FRA"]
[Date "2015.06.02"]
[Round "4.3"]
[Board "8"]
[White "Choisy, Mathilde"]
[Black "Roos, Louis"]
[Result "0-1"]
[WhiteTitle "WFM"]
[BlackTitle "IM"]
[WhiteElo "2182"]
[BlackElo "2370"]
[WhiteTeam "MULHOUSE PHILIDOR"]
[BlackTeam "C.E. STRASBOURG"]
[WhiteFideId "634565"]
[BlackFideId "600288"]
[EventDate "2015.05.30"]

1. e4 g6 2. d4 c6 3. Nc3 Bg7 4. Nf3 d6 5. Be3 Nf6 6. h3 Nbd7 7. a4 O-O 8. Be2 e5
9. dxe5 dxe5 10. O-O Qe7 11. Qd3 Nh5 12. Rfd1 Re8 13. a5 Nf4 14. Qc4 Qf6 15. b4
a6 16. Na4 Nf8 17. Nc5 Be6 18. Nxe6 N8xe6 19. Rd7 Re7 20. Rad1 Nd4 21. R1xd4
exd4 22. Rxd4 Nxe2+ 23. Qxe2 Qe6 24. Rc4 Rae8 25. Bc5 Rd7 26. Ng5 Qe5 27. Qg4 f5
28. exf5 gxf5 29. Qh5 h6 30. Bd4 Qe1+ 31. Kh2 hxg5 32. Be3 Rxe3 33. fxe3 Qxe3 0-1

[Event "TCh-FRA Top 12 2015"]
[Site "Montpellier FRA"]
[Date "2015.06.02"]
[Round "4.4"]
[Board "1"]
[White "Bacrot, Etienne"]
[Black "Krasenkow, Michal"]
[Result "0-1"]
[WhiteTitle "GM"]
[BlackTitle "GM"]
[WhiteElo "2704"]
[BlackElo "2610"]
[WhiteTeam "BISCHWILLER"]
[BlackTeam "L'ECHIQUIER CHALONNAIS"]
[WhiteFideId "605506"]
[BlackFideId "1113100"]
[EventDate "2015.05.30"]

1. d4 Nf6 2. c4 g6 3. f3 d5 4. cxd5 Nxd5 5. e4 Nb6 6. Nc3 Bg7 7. Be3 O-O 8. Qd2
Nc6 9. O-O-O a5 10. h4 a4 11. h5 Na5 12. hxg6 fxg6 13. Bh6 Nac4 14. Bxc4+ Nxc4
15. Qe2 Bxh6+ 16. Rxh6 e6 17. Kb1 b5 18. Nxb5 Nxb2 19. Qxb2 Rb8 20. Ka1 Ba6 21.
Rh1 Rxb5 22. Qc3 Qd6 23. Nh3 Rfb8 24. Nf2 Rb3 25. Qc5 Qxc5 26. dxc5 Rb2 27. Ng4
h5 28. Nf6+ Kg7 29. Nd7 R8b4 30. Ne5 Rf2 31. g3 Bc4 32. Rd7+ Kf6 33. Nxc4 Rxc4
34. Rxc7 Rcc2 35. Rb7 Rxf3 36. Rb8 Kg5 37. Rb5 Rxg3 38. Kb1 Rgc3 39. Rg1+ Kh6
40. Rb6 a3 41. Rxe6 Rb2+ 42. Ka1 Rg2 43. Re1 Rxc5 44. Ra6 Rc3 45. Kb1 Rb2+ 46.
Ka1 Re2 47. Rg1 Rg3 0-1

[Event "TCh-FRA Top 12 2015"]
[Site "Montpellier FRA"]
[Date "2015.06.02"]
[Round "4.4"]
[Board "3"]
[White "Naiditsch, Arkadij"]
[Black "Sokolov, Ivan"]
[Result "0-1"]
[WhiteTitle "GM"]
[BlackTitle "GM"]
[WhiteElo "2720"]
[BlackElo "2623"]
[WhiteTeam "BISCHWILLER"]
[BlackTeam "L'ECHIQUIER CHALONNAIS"]
[WhiteFideId "4650891"]
[BlackFideId "14400030"]
[EventDate "2015.05.30"]

1. e4 e5 2. Nf3 Nc6 3. Nc3 Nf6 4. Bb5 Bb4 5. O-O O-O 6. d3 d6 7. Ne2 a6 8. Bxc6
bxc6 9. Ng3 Re8 10. c3 Ba5 11. Bg5 h6 12. Bxf6 Qxf6 13. Qa4 Bb6 14. Qxc6 Bg4 15.
Nd2 Rad8 16. Qa4 h5 17. Nc4 h4 18. Nxb6 cxb6 19. Nh1 h3 20. f3 hxg2 21. Kxg2 Bc8
22. Ng3 Qh4 23. Rf2 d5 24. Rg1 Re6 25. Kh1 Red6 26. Qc2 dxe4 27. dxe4 Rd3 28.
Qc1 Bh3 29. Qe1 g6 30. Nf5 Bxf5 31. exf5 Rd1 32. Qe2 Rxg1+ 33. Kxg1 Qg5+ 34. Kh1
Qxf5 35. Rf1 Rd3 36. a4 a5 37. Rf2 Rd5 38. Rf1 Qd7 39. Ra1 Qd6 40. Re1 Rd2 41.
Qxe5 Qxe5 42. Rxe5 Rxb2 43. Re4 Kg7 44. h4 f5 45. Re6 Kh6 46. Kg1 Kh5 47. Rc6
Ra2 48. Rc4 Rc2 49. Kh1 Rf2 50. Rf4 g5 51. Rxf5 Kxh4 52. Kg1 Ra2 53. Rb5 Kg3 54.
Rxg5+ Kxf3 55. Rb5 Ra1+ 56. Kh2 Rxa4 57. Rxb6 Rc4 58. Ra6 a4 59. Ra8 Kf2 60.
Rf8+ Ke2 61. Ra8 Kd2 62. Kg2 Kxc3 63. Kf3 Kb3 64. Ke3 a3 65. Kd3 Rc3+ 66. Kd2
Kb2 67. Ra7 Rb3 0-1

[Event "TCh-FRA Top 12 2015"]
[Site "Montpellier FRA"]
[Date "2015.06.02"]
[Round "4.4"]
[Board "4"]
[White "Cossin, Sebastien"]
[Black "Edouard, Romain"]
[Result "0-1"]
[WhiteTitle "IM"]
[BlackTitle "GM"]
[WhiteElo "2516"]
[BlackElo "2627"]
[WhiteTeam "L'ECHIQUIER CHALONNAIS"]
[BlackTeam "BISCHWILLER"]
[WhiteFideId "618802"]
[BlackFideId "633429"]
[EventDate "2015.05.30"]

1. d4 d5 2. Nf3 Nf6 3. c4 dxc4 4. e3 Bg4 5. Bxc4 e6 6. Qb3 Bxf3 7. gxf3 c5 8.
Qxb7 Nbd7 9. f4 cxd4 10. O-O Bc5 11. Qf3 dxe3 12. fxe3 O-O 13. Nc3 e5 14. Kh1
Qe7 15. Na4 Rad8 16. Nxc5 Nxc5 17. b3 Nd3 18. Bd2 Nb2 19. Ba5 Rc8 20. Rac1 Nxc4
21. bxc4 exf4 22. exf4 Ne4 23. f5 Rfe8 24. Rfe1 Qb7 25. Kg2 Qb2+ 26. Qe2 Qe5 27.
Bc3 Qxf5 28. Bd4 Qg6+ 29. Kf1 Ng3+ 30. hxg3 Rxe2 31. Rxe2 Qxg3 32. Rc3 Qf4+ 33.
Bf2 h5 34. c5 Rc6 35. Ke1 h4 36. Kd1 Qg4 37. Kd2 h3 38. Be3 Re6 39. c6 Rxc6 0-1

[Event "TCh-FRA Top 12 2015"]
[Site "Montpellier FRA"]
[Date "2015.06.02"]
[Round "4.4"]
[Board "5"]
[White "Ragger, Markus"]
[Black "Dourerassou, Jonathan"]
[Result "1-0"]
[WhiteTitle "GM"]
[BlackTitle "IM"]
[WhiteElo "2668"]
[BlackElo "2414"]
[WhiteTeam "BISCHWILLER"]
[BlackTeam "L'ECHIQUIER CHALONNAIS"]
[WhiteFideId "1610856"]
[BlackFideId "628050"]
[EventDate "2015.05.30"]

1. Nf3 Nf6 2. c4 c5 3. Nc3 d5 4. cxd5 Nxd5 5. e3 e6 6. d4 Nc6 7. Bd3 Be7 8. O-O
O-O 9. a3 b6 10. Qc2 h6 11. dxc5 Nxc3 12. cxb6 Qxb6 13. bxc3 Ba6 14. Rb1 Bxd3
15. Qxd3 Qc7 16. e4 Rfd8 17. Qa6 Ne5 18. Qb7 Nxf3+ 19. gxf3 Qd6 20. Be3 Bg5 21.
Rbd1 Qxa3 22. f4 Rdb8 23. Qd7 Bh4 24. c4 Qa6 25. Rc1 Rb7 26. Ra1 Rxd7 27. Rxa6
Rc7 28. c5 Be7 29. c6 Kf8 30. Rc1 Ke8 31. Kf1 Bd8 32. Ke2 Rac8 33. Kd3 Ra8 34.
f5 exf5 35. exf5 Bg5 36. f4 Be7 37. Bd4 Rd8 38. Ke4 Bf6 39. Be5 Bxe5 40. fxe5
Rd2 41. Rb1 Rc2 42. Kd5 Rd2+ 43. Kc5 Ke7 44. Rb4 Rxh2 45. f6+ gxf6 46. exf6+ Ke6
47. Re4+ Kf5 48. Re7 Rc8 49. c7 Rc2+ 50. Kd6 h5 51. Rxf7 h4 52. Rc6 Rd2+ 53. Ke7
h3 54. Rh7 h2 55. f7 Kg5 56. Rg7+ Kh5 57. Rh7+ Kg5 58. f8=Q Re2+ 59. Re6 Rxc7+
60. Kd6 Rxh7 61. Qg8+ Kf4 62. Rf6+ 1-0

[Event "TCh-FRA Top 12 2015"]
[Site "Montpellier FRA"]
[Date "2015.06.02"]
[Round "4.4"]
[Board "6"]
[White "Favarel, Antoine"]
[Black "Marcelin, Cyril"]
[Result "1/2-1/2"]
[WhiteTitle "FM"]
[BlackTitle "GM"]
[WhiteElo "2374"]
[BlackElo "2476"]
[WhiteTeam "L'ECHIQUIER CHALONNAIS"]
[BlackTeam "BISCHWILLER"]
[WhiteFideId "642371"]
[BlackFideId "607274"]
[EventDate "2015.05.30"]

1. c4 b6 2. Nc3 Bb7 3. e4 e5 4. g3 f5 5. Bg2 Nf6 6. d3 fxe4 7. Nge2 Bc5 8. O-O
O-O 9. h3 h6 10. dxe4 Nc6 11. Be3 Bxe3 12. fxe3 Ne7 13. Qd3 d6 14. Rf2 Qd7 15.
Raf1 Nh7 16. Kh2 Rxf2 17. Rxf2 Rf8 18. Rxf8+ Kxf8 19. b4 Nf6 20. Nc1 Nc6 21. a3
a5 22. N1a2 axb4 23. axb4 Nd8 24. Nc1 Nf7 25. Nb3 h5 26. Nd2 Ng5 27. Qf1 Kg8 28.
Qa1 Kh7 29. Qf1 Bc8 30. Nd5 Qf7 31. Nb1 Nxd5 32. Qxf7 Nxf7 33. exd5 Kg6 34. Nc3
Bd7 35. Kg1 Kf6 36. Kf2 Ke7 37. h4 Nh6 38. Bf3 g6 39. Be2 Be8 40. Ne4 Bd7 41.
Nc3 1/2-1/2

[Event "TCh-FRA Top 12 2015"]
[Site "Montpellier FRA"]
[Date "2015.06.02"]
[Round "4.4"]
[Board "7"]
[White "Le Roux, Jean-Pierre"]
[Black "Velten, Paul"]
[Result "1/2-1/2"]
[WhiteTitle "GM"]
[BlackTitle "IM"]
[WhiteElo "2546"]
[BlackElo "2457"]
[WhiteTeam "BISCHWILLER"]
[BlackTeam "L'ECHIQUIER CHALONNAIS"]
[WhiteFideId "609404"]
[BlackFideId "681091"]
[EventDate "2015.05.30"]

1. Nf3 Nf6 2. g3 b6 3. Bg2 Bb7 4. O-O g6 5. d4 c5 6. dxc5 bxc5 7. Re1 Bg7 8. e4
O-O 9. e5 Ne8 10. Nc3 Na6 11. Ng5 Bxg2 12. Kxg2 Rb8 13. Qg4 Nb4 14. Re2 Nc6 15.
Qh3 h5 16. g4 f6 17. gxh5 gxh5 18. Ne6 dxe6 19. Qxe6+ Rf7 20. Qxc6 fxe5 21. Be3
Rb6 22. Rd1 Nd6 23. Qd5 Qc8 24. Kh1 Rxb2 25. Rg1 Kf8 26. Bxc5 Qb7 27. Qxb7 Rxb7
28. Ne4 Nxe4 29. Rxe4 Rc7 30. Be3 Rxc2 31. Ra4 Rf6 32. Bxa7 Bh6 33. a3 Bf4 34.
Re4 h4 35. Be3 h3 36. Ba7 1/2-1/2

[Event "TCh-FRA Top 12 2015"]
[Site "Montpellier FRA"]
[Date "2015.06.02"]
[Round "4.4"]
[Board "8"]
[White "De Seroux, Camille"]
[Black "Maisuradze, Nino"]
[Result "0-1"]
[WhiteTitle "WFM"]
[BlackTitle "WGM"]
[WhiteElo "2115"]
[BlackElo "2279"]
[WhiteTeam "L'ECHIQUIER CHALONNAIS"]
[BlackTeam "BISCHWILLER"]
[WhiteFideId "1305620"]
[BlackFideId "13601717"]
[EventDate "2015.05.30"]

1. e4 c5 2. Nf3 a6 3. c3 d5 4. exd5 Qxd5 5. d4 Nf6 6. Be2 e6 7. O-O Nc6 8. Be3
cxd4 9. cxd4 Be7 10. Nc3 Qd6 11. Rc1 O-O 12. Bd3 Rd8 13. Bb1 Bd7 14. a3 Be8 15.
Qd3 g6 16. Rfd1 Rac8 17. Bg5 Qb8 18. Ba2 b5 19. Ne4 Nxe4 20. Qxe4 Bxg5 21. Nxg5
Nxd4 22. Rxc8 Qxc8 23. h4 Bc6 24. Qe1 Qd7 25. Rc1 Qb7 26. Qe5 Qe7 27. Nxe6 Nxe6
28. g3 Qd6 29. Qf6 Qd1+ 0-1

[Event "TCh-FRA Top 12 2015"]
[Site "Montpellier FRA"]
[Date "2015.06.02"]
[Round "4.5"]
[Board "1"]
[White "Fier, Alexandr"]
[Black "Feller, Sebastien"]
[Result "1-0"]
[WhiteTitle "GM"]
[BlackTitle "GM"]
[WhiteElo "2632"]
[BlackElo "2626"]
[WhiteTeam "MONTPELLIER"]
[BlackTeam "EVRY GRAND ROQUE"]
[WhiteFideId "2107139"]
[BlackFideId "634654"]
[EventDate "2015.05.30"]

1. d4 d5 2. c4 e6 3. Nc3 Be7 4. cxd5 exd5 5. Bf4 c6 6. e3 Bf5 7. g4 Be6 8. h3
Nd7 9. Bd3 Nb6 10. Nf3 Bd6 11. Bxd6 Qxd6 12. Qc2 Ne7 13. O-O-O O-O-O 14. Nb5 Qd7
15. Ne5 Qe8 16. Qc5 Kb8 17. Nxa7 Nd7 18. Naxc6+ Nxc6 19. Qd6+ Ka8 20. Nxc6 bxc6
21. Qxc6+ Kb8 22. Qd6+ Kb7 23. Qa6+ Kb8 24. Qb5+ Kc7 25. Kb1 Rb8 26. Qa5+ Rb6
27. Rc1+ Kb7 28. Ba6+ Rxa6 29. Rc7+ Kb8 30. Qxa6 Kxc7 31. Rc1+ Nc5 32. Rxc5+ Kd8
33. Qd6+ Bd7 34. Rb5 Qe4+ 35. Kc1 1-0

[Event "TCh-FRA Top 12 2015"]
[Site "Montpellier FRA"]
[Date "2015.06.02"]
[Round "4.5"]
[Board "2"]
[White "Fedorchuk, Sergey A."]
[Black "Pelletier, Yannick"]
[Result "1-0"]
[WhiteTitle "GM"]
[BlackTitle "GM"]
[WhiteElo "2657"]
[BlackElo "2568"]
[WhiteTeam "EVRY GRAND ROQUE"]
[BlackTeam "MONTPELLIER"]
[WhiteFideId "14102536"]
[BlackFideId "1301837"]
[EventDate "2015.05.30"]

1. e4 e5 2. Nf3 Nc6 3. Bb5 Nf6 4. d3 Bc5 5. O-O Nd4 6. Nxd4 Bxd4 7. c3 Bb6 8.
Na3 O-O 9. Bg5 c6 10. Ba4 h6 11. Bh4 g5 12. Bg3 d6 13. Nc4 Bg4 14. Qd2 Bc7 15.
Ne3 Be6 16. Qe2 Qe7 17. Rad1 Rad8 18. Bb3 Rfe8 19. Qf3 d5 20. Nf5 Bxf5 21. Qxf5
Nh5 22. Qh3 Nxg3 23. fxg3 Kg7 24. Rf5 f6 25. Rdf1 Rf8 26. Qg4 Qc5+ 27. Kh1 Qe3
28. R5f3 Qe2 29. exd5 cxd5 30. Qb4 Rf7 31. h3 e4 32. Rxf6 Qxf1+ 33. Rxf1 Rxf1+
34. Kh2 Re8 35. Qxb7 Re7 36. Qxd5 Rf8 37. dxe4 Be5 38. Qc5 Kf6 39. Qc6+ Kg7 40.
Bd1 Rd8 41. Qc5 Kf6 42. Qf2+ Kg7 43. Bf3 Rd3 44. Qc5 Bd6 45. Qb5 Rd2 46. a4 Bc7
47. b4 Be5 48. Qc5 Kf6 49. c4 Rd3 50. a5 Rc3 51. b5 Rf7 52. Qc8 Ke7 53. Qc5+ Kf6
54. Qc6+ Kg7 55. Qe6 Bb8 56. e5 1-0

[Event "TCh-FRA Top 12 2015"]
[Site "Montpellier FRA"]
[Date "2015.06.02"]
[Round "4.5"]
[Board "3"]
[White "Vazquez Igarza, Renier"]
[Black "Relange, Eloi"]
[Result "1-0"]
[WhiteTitle "GM"]
[BlackTitle "GM"]
[WhiteElo "2606"]
[BlackElo "2468"]
[WhiteTeam "MONTPELLIER"]
[BlackTeam "EVRY GRAND ROQUE"]
[WhiteFideId "3503054"]
[BlackFideId "600822"]
[EventDate "2015.05.30"]

1. Nf3 Nf6 2. c4 g6 3. Nc3 Bg7 4. d4 O-O 5. Bf4 d6 6. e3 b6 7. Be2 Bb7 8. O-O
Ne4 9. Nxe4 Bxe4 10. h3 Nd7 11. Bh2 c5 12. Qd2 cxd4 13. exd4 e5 14. Rad1 Qe7 15.
Qb4 Rfe8 16. Rfe1 Rad8 17. Qa3 a5 18. Bf1 f5 19. dxe5 dxe5 20. Qxe7 Rxe7 21. Ng5
Bc2 22. Rd2 h6 23. Nf3 Be4 24. c5 Rc8 25. cxb6 Nxb6 26. Rd6 Rc6 27. Rxc6 Bxc6
28. Nxe5 Bd5 29. b3 a4 30. bxa4 Nxa4 31. a3 g5 32. Nd3 Rxe1 33. Nxe1 f4 34. g3
fxg3 35. Bxg3 Bf8 36. Nc2 Nc3 37. Be5 Nb1 38. Bb2 Bb3 39. Nd4 Bd1 40. Bc4+ Kg7
41. Nb5+ 1-0

[Event "TCh-FRA Top 12 2015"]
[Site "Montpellier FRA"]
[Date "2015.06.02"]
[Round "4.5"]
[Board "4"]
[White "Moussard, Jules"]
[Black "Mista, Aleksander"]
[Result "1/2-1/2"]
[WhiteTitle "IM"]
[BlackTitle "GM"]
[WhiteElo "2444"]
[BlackElo "2556"]
[WhiteTeam "EVRY GRAND ROQUE"]
[BlackTeam "MONTPELLIER"]
[WhiteFideId "642908"]
[BlackFideId "1110381"]
[EventDate "2015.05.30"]

1. e4 c5 2. Nf3 e6 3. b3 b6 4. Bb2 Bb7 5. Qe2 Nc6 6. Na3 d6 7. g3 Nf6 8. Bg2 Be7
9. O-O O-O 10. Rad1 Rc8 11. d4 cxd4 12. Nxd4 Nxd4 13. Rxd4 Qc7 14. Rfd1 a6 15.
R4d2 Rfd8 16. e5 Ne8 17. exd6 Nxd6 18. Bxb7 Qxb7 19. Qg4 Ne8 20. Nc4 Rxd2 21.
Rxd2 b5 22. Ne5 Rd8 23. Rxd8 Bxd8 24. Qf3 Qxf3 25. Nxf3 f6 26. Nd2 Kf7 27. f4
Bb6+ 28. Kg2 Nd6 29. Kf3 h5 30. h3 Nf5 31. Ne4 Nd4+ 32. Bxd4 Bxd4 33. c3 Bb6 34.
g4 hxg4+ 35. hxg4 g6 36. c4 bxc4 37. Nd6+ Kf8 38. Nxc4 Bc5 39. g5 Kf7 40. a3 Be7
41. Kg4 Ke8 42. a4 Kd7 43. gxf6 Bxf6 44. b4 Kc6 45. Ne5+ Bxe5 46. fxe5 Kd5 47.
b5 1/2-1/2

[Event "TCh-FRA Top 12 2015"]
[Site "Montpellier FRA"]
[Date "2015.06.02"]
[Round "4.5"]
[Board "5"]
[White "Libiszewski, Fabien"]
[Black "Milliet, Sophie"]
[Result "1/2-1/2"]
[WhiteTitle "GM"]
[BlackTitle "IM"]
[WhiteElo "2531"]
[BlackElo "2369"]
[WhiteTeam "MONTPELLIER"]
[BlackTeam "EVRY GRAND ROQUE"]
[WhiteFideId "616834"]
[BlackFideId "623725"]
[EventDate "2015.05.30"]

1. Nf3 c5 2. g3 Nc6 3. Bg2 g6 4. c3 Bg7 5. O-O e5 6. d3 Nge7 7. e4 d5 8. exd5
Nxd5 9. Nbd2 O-O 10. Ne4 b6 11. Qb3 h6 12. Nh4 Be6 13. Qa4 Rc8 14. Re1 Nde7 15.
Qc2 f5 16. Nd2 g5 17. Nhf3 Ng6 18. Nf1 g4 19. N3d2 Qd7 20. h3 h5 21. Nb3 Bd5 22.
Bxd5+ Qxd5 23. hxg4 hxg4 24. Bg5 f4 25. Nbd2 e4 26. Nxe4 Nce5 27. Nh2 Nf3+ 28.
Nxf3 gxf3 29. Qb3 c4 30. dxc4 Qf5 31. c5+ Rf7 32. Qc4 fxg3 33. Nd6 Qxg5 34.
Qxf7+ Kh7 35. Nxc8 Nf4 36. Nd6 Nh3+ 37. Kh1 Nxf2+ 38. Kg1 Nh3+ 39. Kh1 Nf2+ 40.
Kg1 Nh3+ 41. Kh1 Nf2+ 42. Kg1 Nh3+ 1/2-1/2

[Event "TCh-FRA Top 12 2015"]
[Site "Montpellier FRA"]
[Date "2015.06.02"]
[Round "4.5"]
[Board "6"]
[White "Battaglini, Gabriel"]
[Black "Brochet, Philippe"]
[Result "1-0"]
[WhiteTitle "IM"]
[BlackTitle "IM"]
[WhiteElo "2451"]
[BlackElo "2382"]
[WhiteTeam "EVRY GRAND ROQUE"]
[BlackTeam "MONTPELLIER"]
[WhiteFideId "621650"]
[BlackFideId "602469"]
[EventDate "2015.05.30"]

1. d4 d5 2. Nf3 Nf6 3. c4 dxc4 4. Nc3 Bg4 5. Ne5 Be6 6. e4 Nc6 7. Nxc6 bxc6 8.
Qa4 Qd7 9. f3 g6 10. Bxc4 Bxc4 11. Qxc4 Rb8 12. Be3 Rxb2 13. Na4 Rb5 14. Nc5 Qd6
15. Rc1 Nd7 16. Na6 Qa3 17. Nxc7+ Kd8 18. Nxb5 Qxe3+ 19. Kd1 Bh6 20. Rc2 Nb6 21.
Qxc6 Qd3+ 22. Ke1 f5 23. exf5 gxf5 24. Nxa7 Qe3+ 25. Re2 Qxd4 26. Qxh6 1-0